Psicología del desarrollo: el lactante y el preescolar
Saved in:
| Main Authors: | , |
|---|---|
| Other Authors: | |
| Format: | Book |
| Language: | Spanish |
| Published: |
Ciudad de México
El Manual Moderno
1981
|
| Series: | The Dersey Series in psychology
|
| Subjects: | |
| Tags: |
Add Tag
No Tags, Be the first to tag this record!
|
MARC
| LEADER | 00000nam a2200000 a 4500 | ||
|---|---|---|---|
| 001 | UCY3767 | ||
| 003 | CL-VaPUC | ||
| 008 | 950118e19810000MX |||||||||||||||||spa|d | ||
| 082 | 0 | 4 | |a 155.4 |b FIT |2 21 |
| 100 | 0 | |a Fitzgerald, Hiram E |e author |9 332157 | |
| 700 | 0 | |a Strommen, Ellen A |e author |9 332158 | |
| 700 | |a McKinney, John Paul |e autor |9 343580 | ||
| 245 | 1 | 0 | |a Psicología del desarrollo: el lactante y el preescolar |
| 300 | |a 350 p | ||
| 942 | |c BK | ||
| 945 | |d 19950118 00:00:00 |a rbrito | ||
| 260 | |a Ciudad de México |b El Manual Moderno |c 1981 | ||
| 650 | 0 | |a Psicología del niño |9 307305 | |
| 650 | 0 | |a Psicología evolutiva |9 271069 | |
| 650 | 0 | |a Desarrollo individual |9 307875 | |
| 583 | |a last modification |c 20130106 11:31:24 |k Rodrigo Vera | ||
| 490 | 0 | |a The Dersey Series in psychology | |
| 999 | |c 231821 |d 231819 | ||
| 952 | |0 0 |1 0 |4 0 |6 155_400000000000000_FIT_1981 |7 0 |8 P |9 235543 |a BIBEDU |b BIBEDU |c BIBEDU_PB |d 2019-11-15 |i 3052168 |o 155.4 FIT 1981 |p 3052168 |r 2024-01-25 |w 2019-11-15 |y BK |k EDU | ||
| 952 | |0 0 |1 0 |4 0 |6 155_400000000000000_FIT_1981 |7 0 |8 P |9 235544 |a BIBEDU |b BIBEDU |c BIBEDU_PB |d 2019-11-15 |i 3052273 |o 155.4 FIT 1981 |p 3052273 |r 2024-01-25 |w 2019-11-15 |y BK |k EDU | ||
| 952 | |0 0 |1 0 |4 0 |6 155_400000000000000_FIT_1981 |7 0 |8 P |9 235545 |a BIBEDU |b BIBEDU |c BIBEDU_PB |d 2019-11-15 |i 3052281 |o 155.4 FIT 1981 |p 3052281 |r 2024-01-25 |w 2019-11-15 |y BK |k EDU | ||